000 00547nam a2200205Ia 4500
003 GCL
008 140319s9999 xx 000 0 ara d
040 _aGCL /
_cGCL
082 0 4 _a226
_bع ه
100 1 _aعبدالكريم دهنية
245 1 0 _aهكذا عرفت ربى /
_cعبدالكريم دهنية
260 _a[S.N] :
_bالمكتب الثقافى ،
_c1990
300 _a191 ص
490 _a
650 0 4 _aتاريخ
650 0 4 _aسور وايات
650 0 4 _aتفاسير
650 0 4 _aالقران
942 _2ddc
_cBK
999 _c54161
_d54161